La pintura en el aula : exploración de nuevas técnicas /

Guardado en:
Autor Principal: Petterson, Henry
Otros Autores: Gerring, Ray
Formato: Libro
Publicado: Buenos Aires : Kapelusz, 1971
Materias:
Etiquetas: Agregar Etiqueta
Sin Etiquetas, Sea el primero en etiquetar este registro!
LEADER 00728nam a22002175a 4500
001 CEM.cems005029
005 20060217000000.0
008 130507s1971##################000#0#####d
003 CEMS
082 0 4 |a 751.07 
100 1 |a Petterson, Henry 
245 1 0 |a La pintura en el aula :  |b exploración de nuevas técnicas / 
260 |a Buenos Aires :  |b Kapelusz,  |c 1971 
300 |a 68 p. 
505 0 |a Estudia este libro un aspecto particular del vasto dominio de las relaciónes entre el arte y la sociedad; desde el renacimiento al cubismo. - 
653 |a Collage 
653 |a Composicion 
653 |a Educacion plastica 
653 |a Pintura 
700 1 |a Gerring, Ray 
859 |a CEMS  |b BIB. CEMS - 11 de abril  |h 751.07  |i P452  |p 6822.79  |t Ej.1